| 000 | 00407nam a2200157Ia 4500 | ||
|---|---|---|---|
| 008 | 230524s9999 xx 000 0 und d | ||
| 082 |
_a5 _bPRA |
||
| 100 |
_aC.S.R.Prabhu _924737 |
||
| 245 | 0 | _aObject-Oriented Database Systems (Approaches and Architectures) | |
| 250 | _a1ST | ||
| 260 |
_aNEW DELHI _bPHI _c2005 |
||
| 300 | _aVII;232 | ||
| 500 | _aQuantity Number: 1 | ||
| 650 | _aComp-Sc | ||
| 942 | _cBK | ||
| 999 |
_c36619 _d36619 |
||